[Event "AUS-ch Major"]
[Site "Cammeray"]
[Date "2018.01.12"]
[Round "11"]
[White "Low, Frank"]
[Black "Trofimovs, Joel"]
[Result "1-0"]
[WhiteElo "1668"]
[BlackElo "492"]
[PlyCount "51"]
[EventDate "2018.01.02"]
[EventType "swiss"]
[EventRounds "11"]
[EventCountry "AUS"]
[SourceTitle "CBM 182 Extra"]
[Source "ChessBase"]
[SourceDate "2018.02.23"]
[SourceVersion "1"]
[SourceVersionDate "2018.02.23"]
[SourceQuality "1"]

1. Nf3 d5 2. c4 c6 3. b3 Nf6 4. Bb2 Bg4 5. Ne5 e6 6. Nxg4 Nxg4 7. e4 f5 8. Be2 Nf6 9. exf5 exf5 10. Qc2 Ne4 11. Bh5+ Kd7 12. 0-0 Qh4 13. Bf3 Bc5 14. Bxe4 fxe4 15. cxd5 Bb6 16. Nc3 Bc7 17. g3 Qh3 18. Qxe4 Re8 19. dxc6+ Nxc6 20. Qd5+ Bd6 21. Rae1 Rad8 22. Nb5 Qh6 23. Ba3 Re6 24. Bxd6 Rxd6 25. Qf7+ Kc8 26. Qc7# 1-0

[Event "AUS-ch Major"]
[Site "Cammeray"]
[Date "2018.01.09"]
[Round "8"]
[White "Zhao Chen, Winston"]
[Black "Trofimovs, Joel"]
[Result "1-0"]
[WhiteElo "1419"]
[BlackElo "492"]
[PlyCount "71"]
[EventDate "2018.01.02"]
[EventType "swiss"]
[EventRounds "11"]
[EventCountry "AUS"]
[SourceTitle "CBM 182 Extra"]
[Source "ChessBase"]
[SourceDate "2018.02.23"]
[SourceVersion "1"]
[SourceVersionDate "2018.02.23"]
[SourceQuality "1"]

1. e4 c5 2. c3 e6 3. d4 cxd4 4. cxd4 a6 5. Nf3 d6 6. Nc3 Qc7 7. Bf4 Nf6 8. Rc1 Qa5 9. Bd3 Nc6 10. 0-0 Be7 11. e5 dxe5 12. dxe5 Nd5 13. Bg3 Bd7 14. a3 0-0 15. Ne4 h6 16. Nd6 Bxd6 17. exd6 Nf6 18. Re1 Rfe8 19. Ne5 Rad8 20. Nxd7 Rxd7 21. Bb1 Red8 22. Rc3 e5 23. b4 Qd5 24. Rd3 Qe6 25. f4 Rxd6 26. fxe5 Nxe5 27. Rxe5 Qd7 28. Rxd6 Qxd6 29. Re8+ Nxe8 30. Bxd6 Rxd6 31. Qc2 Kf8 32. Kf2 Nf6 33. Qc8+ Ke7 34. Qxb7+ Ke6 35. Ba2+ Ke5 36. Qe7+ 1-0

[Event "AUS-ch Major"]
[Site "Cammeray"]
[Date "2018.01.06"]
[Round "6"]
[White "Kumar, Viney"]
[Black "Trofimovs, Joel"]
[Result "1-0"]
[WhiteElo "1685"]
[BlackElo "492"]
[PlyCount "71"]
[EventDate "2018.01.02"]
[EventType "swiss"]
[EventRounds "11"]
[EventCountry "AUS"]
[SourceTitle "CBM 182 Extra"]
[Source "ChessBase"]
[SourceDate "2018.02.23"]
[SourceVersion "1"]
[SourceVersionDate "2018.02.23"]
[SourceQuality "1"]

1. c4 g6 2. Nc3 Bg7 3. g3 d6 4. Bg2 Nf6 5. Nf3 0-0 6. 0-0 Bd7 7. d4 c5 8. dxc5 dxc5 9. Ne5 Nc6 10. Nxc6 Bxc6 11. Bxc6 bxc6 12. Be3 Qd6 13. Qc2 Nd7 14. Rad1 Qe6 15. Na4 Ne5 16. Nxc5 Qxc4 17. Qxc4 Nxc4 18. b3 Nxe3 19. fxe3 Rfd8 20. Rd3 Rxd3 21. exd3 Rd8 22. Kf2 Rd5 23. Rc1 Bb2 24. Rc4 a5 25. d4 Ba3 26. e4 Rxd4 27. Rxd4 Bxc5 28. Ke3 Bxd4+ 29. Kxd4 Kg7 30. a3 Kf6 31. b4 a4 32. Kc5 Ke5 33. Kxc6 Kxe4 34. b5 e5 35. b6 Kf5 36. b7 1-0